Journeyman electrician's workbook : exam preparation-upgrading:based on the 1990 NEC

Bibliographic Details
Main Author: Stallcup, James G
Format: Book
Published: Illinois : American Technical Publishers , 1989
Subjects:

MARC

LEADER 00000cam a2200000 7i4500
001 0000004921
002 000005306
005 20000330.0
020 |a 0826917046 
090 0 0 |a 621.31924076   |b STA 
100 1 |a Stallcup, James G 
245 1 0 |a Journeyman electrician's workbook :   |b exam preparation-upgrading:based on the 1990 NEC   |c James G.Stallucp 
260 |a Illinois :   |b American Technical Publishers ,   |c 1989 
300 |a 163p. ;   |c 27cm. 
650 0 0 |a Electric engineering   |x Examinations, questions, etc 
650 0 0 |a Electricians   |x Licenses   |z United States 
999 |a 037666   |b BUKU   |c PINJAMAN   |e PERPUSTAKAAN KOMUNITI PETALING JAYA 
999 |a 037667   |b BUKU   |c PINJAMAN   |e PERPUSTAKAAN KOMUNITI PETALING JAYA